<?xml version="1.0" encoding="UTF-8"?>
<collection xmlns="http://www.loc.gov/MARC21/slim">
    <record>
        <controlfield tag="001">68458</controlfield>
        <controlfield tag="005">20180223110020.0</controlfield>
        <datafield tag="037" ind1=" " ind2=" ">
            <subfield code="a">GDOC-2016-67620</subfield>
        </datafield>
        <datafield tag="041" ind1=" " ind2=" ">
            <subfield code="a">spa</subfield>
        </datafield>
        <datafield tag="100" ind1=" " ind2=" ">
            <subfield code="1"></subfield>
            <subfield code="a"></subfield>
        </datafield>
        <datafield tag="245" ind1="0" ind2="0">
            <subfield code="9">67620</subfield>
            <subfield code="a">Trabajo fin de Máster</subfield>
        </datafield>
        <datafield tag="242" ind1="0" ind2="0">
            <subfield code="9">67620</subfield>
            <subfield code="a">End of Masters piece</subfield>
        </datafield>
        <datafield tag="260" ind1=" " ind2=" ">
            <subfield code="a">Zaragoza</subfield>
            <subfield code="b">Universidad de Zaragoza</subfield>
            <subfield code="c">2016-2017</subfield>
        </datafield>
        <datafield tag="520" ind1=" " ind2=" ">
            <subfield code="a">Breve presentación de la asignatura
El Trabajo Fin de Máster constituye el colofón del Máster en Unión Europea. El objetivo de esta asignatura es integrar todos los conocimientos adquiridos a lo largo del máster, por lo que es aconsejable realizarla en la fase final del mismo. Consiste en la realización de una memoria en la que se pongan de manifiesto los conocimientos, habilidades y aptitudes adquiridos por el estudiante a lo largo de la titulación. Este trabajo constituirá una labor autónoma y personal del estudiante, se materializará en una memoria o proyecto en forma escrita y su defensa será pública e individual.
Para poder orientar al alumno en la elección del tema a desarrollar, existen diversas líneas de trabajo (véase el punto “Actividades de aprendizaje programadas”). Además, el estudiante contará con un director (doctor) que tutelará y supervisará su labor.</subfield>
            <subfield code="b"> </subfield>
        </datafield>
        <datafield tag="521" ind1=" " ind2=" ">
            <subfield code="9">644</subfield>
            <subfield code="a">Unión Europea</subfield>
        </datafield>
        <datafield tag="540" ind1=" " ind2=" ">
            <subfield code="a">by-nc-sa</subfield>
            <subfield code="b">Creative Commons</subfield>
            <subfield code="c">3.0</subfield>
            <subfield code="u">http://creativecommons.org/licenses/by-nc-sa/3.0/</subfield>
        </datafield>
        <datafield tag="830" ind1=" " ind2=" ">
            <subfield code="9">524</subfield>
        </datafield>
        <datafield tag="856" ind1="4" ind2=" ">
            <subfield code="s">13921</subfield>
            <subfield code="u">http://zaguan.unizar.es/record/68458/files/guia-67620-es.pdf</subfield>
            <subfield code="y">Guía (idioma español)</subfield>
        </datafield>
        <datafield tag="856" ind1="4" ind2=" ">
            <subfield code="s">6260</subfield>
            <subfield code="u">http://zaguan.unizar.es/record/68458/files/guia-67620-en.pdf</subfield>
            <subfield code="y">Guide (english)</subfield>
        </datafield>
        <datafield tag="970" ind1=" " ind2=" ">
            <subfield code="a">GDOC-2016-67620</subfield>
        </datafield>
        <datafield tag="980" ind1=" " ind2=" ">
            <subfield code="a">GDOC</subfield>
            <subfield code="b">Ciencias sociales y jurídicas</subfield>
            <subfield code="c">109</subfield>
        </datafield>
    </record>

    
</collection>